000 01572nam a2200385 i 4500
001 183392
003 ES-MaACL
005 20260217134558.0
008 140411m19121913it |||| | ita d
080 _a821.133.1-1"17"
245 0 0 _aPoeti minori del Settecento /
_ca cura di Alessandro Donati.
260 _aBari :
_bGius. Laterza & Figli,
_c1912-1913.
300 _a2 v. (353 ; 356 p.) ;
_c21 cm.
490 1 _aScrittori d'Italia ;
_v33, 45
505 8 _aContiene: [1]. Savioli, Pompei, Paradisi, Cerretti ed altri - [2]. Mazza, Rezzonico, Bondi, Fiorentino, Cassoli, Mascheroni
530 _aDisponible en formato digital.
650 7 _aPoesía italiana-
_yS.XVIII
_9154696
700 1 _aDonati, Alessandro.
_9154697
700 1 _aSavioli, Lodovico.
_9154698
700 1 _aPompei, Girolamo.
_9154699
700 1 _aParadisi, Agostino,
_d1736-1783
_9154700
700 1 _aCerretti, Luigi,
_d1738-1808
_9154701
700 1 _aMazza, Angelo,
_d1741-1817
_9154719
700 1 _aRezzonico, Carlo Gastone della Torre di.
_9154720
700 1 _aBondi, Clemente.
_9154721
700 1 _aFiorentino, Salomone.
_9154722
700 1 _aCassoli, Francesco (
_d1749-1812)
_9154723
700 1 _aMascheroni, Lorenzo.
_9154724
830 1 0 _aScrittori d'Italia
_v33, 45
_9191925
852 4 _aES-MaACL
_jG-3734
_cDEPO2
856 4 _uhttps://archive.org/details/poetiminoridelse02donauoft
_z(V. 1)
_yInternet Archive
856 4 _uhttps://archive.org/details/poetiminoridelse01donauoft
_z
_z(V. 2)
_yInternet Archive
942 _2udc
999 _c183392
_d183392